Las obligaciones
Guardat en:
| Autor principal: | |
|---|---|
| Format: | Llibre |
| Idioma: | espanyol |
| Publicat: |
Santiago
Jurídica de Chile
2001
|
| Edició: | 4a. ed |
| Matèries: | |
| Etiquetes: |
Afegir etiqueta
Sense etiquetes, Sigues el primer a etiquetar aquest registre!
|
MARC
| LEADER | 00000nam a2200000 a 4500 | ||
|---|---|---|---|
| 001 | UCK6361 | ||
| 003 | CL-VaPUC | ||
| 008 | 050930e20010000CL |||||||||||||||||spa|d | ||
| 020 | |a 9561013533 | ||
| 082 | 0 | 4 | |a 346.8302 |b ABE |2 21 |
| 100 | 0 | |a Abeliuk Manasevich, René |e author |9 495529 | |
| 245 | 1 | 4 | |a Las obligaciones |
| 250 | |a 4a. ed | ||
| 300 | |a v | ||
| 942 | |c BK | ||
| 945 | |d 20050930 00:00:00 |a cmena | ||
| 260 | |a Santiago |b Jurídica de Chile |c 2001 | ||
| 650 | 0 | |a Obligaciones |9 255578 | |
| 650 | 0 | |a Derecho civil chileno |9 320612 | |
| 650 | 0 | |a Fuentes del derecho |9 255162 | |
| 650 | 0 | |a Código civil chileno |9 255931 | |
| 583 | |a last modification |c 20050930 00:00:00 |k Rodrigo Vera | ||
| 999 | |c 314648 |d 314646 | ||
| 952 | |0 0 |1 0 |4 0 |6 346_830200000000000_ABE_2001 |7 0 |8 A |9 387256 |a BIBDER |b BIBDER |d 2019-11-22 |h v.1 |i 4169123 |l 1 |m 1 |o 346.8302 ABE 2001 |p 4169123 |r 2024-10-07 |s 2024-09-23 |w 2019-11-22 |y BK |k DER | ||
| 952 | |0 0 |1 0 |4 0 |6 346_830200000000000_ABE_2001 |7 0 |8 A |9 387257 |a BIBDER |b BIBDER |d 2019-11-22 |h v.2 |i 4169131 |l 1 |o 346.8302 ABE 2001 |p 4169131 |r 2023-04-04 |s 2023-03-31 |w 2019-11-22 |y BK |k DER | ||
| 952 | |0 0 |1 0 |4 0 |6 346_830200000000000_ABE_2001 |7 0 |8 A |9 387258 |a BIBDER |b BIBDER |d 2019-11-22 |h v.1 |i 4373596 |o 346.8302 ABE 2001 |p 4373596 |r 2023-01-25 |w 2019-11-22 |y BK |k DER | ||
| 952 | |0 0 |1 0 |4 0 |6 346_830200000000000_ABE_2001 |7 0 |8 A |9 387259 |a BIBDER |b BIBDER |d 2019-11-22 |h v.2 |i 437360K |o 346.8302 ABE 2001 |p 437360K |r 2023-01-25 |w 2019-11-22 |y BK |k DER | ||